| 000 | 00564nam a22002057a 4500 | ||
|---|---|---|---|
| 003 | KOHA_MİRAKIL | ||
| 005 | 20260406110010.0 | ||
| 008 | 260406b tu ||||| |||| 00| 0 tur d | ||
| 020 | _a9786055410360 | ||
| 040 |
_aTR-AnABB _btur _cTR-AnABB |
||
| 041 | _atur | ||
| 082 |
_a818.42 _bAGI 2012 |
||
| 100 | 1 | _aÖzer, Ahmet | |
| 245 | 1 | 0 |
_aAğızda dilleri gördüm / _cAhmet Özer |
| 260 |
_aAnkara : _bİsim yayınları, _c2012 |
||
| 300 |
_a214 sayfa ; _c20 cm |
||
| 500 | _ayazar imzalı | ||
| 650 | 0 | 4 | _aTürk edebiyatı,roman |
| 942 |
_2ddc _cBK |
||
| 999 |
_c10162 _d10162 |
||
| 900 | _bCem ÖZOGLU | ||